Turkish 3.Lig Teams - Statistics

General Stats
  • This quiz has been taken 2 times
  • The average score is 5 of 64
Answer Stats
Answer % Correct
15. 1922 Konyaspor
100%
1. Bursaspor
100%
10. Alanya 1221
50%
1. Aliağa
50%
5. Çorluspor
50%
15. Denizlispor
50%
11. İzmir Çoruhlu FK
50%
2. Karşıyaka
50%
11. 1923 Mustafakemalpaşa SK
0%
14. 23 Elazığ FK
0%
3. 52 Orduspor
0%
16. Adıyaman FK
0%
3. Ağrı 1970 SK
0%
3. Amasyaspor
0%
7. Anadolu Üniversitesi
0%
8. Artvin Hopaspor
0%
2. Ayvalıkgücü BS
0%
2. Balıkesirspor
0%
14. Bayburt ÖİS
0%
12. Beykoz İshaklıspor
0%
13. Bornova 1877
0%
11. Bulvarspor
0%
8. Bursa Nilüfer SK
0%
9. Çankaya SK
0%
9. Çayelispor
0%
5. Düzcespor
0%
13. Edirnespor
0%
12. Efeler 09
0%
9. Erciyes 38 SK
0%
16. Ergene Velimeşe Spor
0%
8. Etimesgut BS
0%
10. Fatsa BS
0%
13. İnegöl Kafkas SK
0%
5. Kahramanmaraş İstiklalspor
0%
10. Kahramanmaraşspor
0%
13. Karabük İY
0%
4. KÇ Sinop
0%
14. Kelkit HSK
0%
6. Kırıkkale FK
0%
12. Kırşehir FSK
0%
15. Kuşadasıspor
0%
4. Kütahyaspor
0%
1. Mardin 1969 Spor
0%
6. Mazıdağı Fosfat Spor
0%
1. Muğlaspor
0%
3. Muş SK
0%
15. Nevşehir BS
0%
12. Niğde BS
0%
7. Orduspor 1967
0%
8. Osmaniyespor
0%
6. Pazarspor
0%
10. Polatlı 1926 SK
0%
2. Sebat Gençlikspor
0%
6. Silifke BS
0%
4. Silivrispor
0%
14. Tepecikspor
0%
5. Tire 2021
0%
9. Tokat Plevnespor
0%
16. Turgutlu 1984
0%
11. Türk Metal 1963 Spor
0%
7. Uşak Spor
0%
16. Viranşehir BS
0%
7. Yozgat Bozokspor
0%
4. Zonguldakspor
0%
No matching quizzes found
Score Distribution
Percent of People with Each Score
Percentile by Number Answered
Your Score History
You have not taken this quiz